000 00468nam a22001697a 4500
003 NUST - PNEC
005 20170116181009.0
008 150913b xxu||||| |||| 00| 0 eng d
020 _a-
040 _cLIBRARY
082 _a621.381955 CHA
100 _910011
_aCharette, Robert N.
245 _aSoftware engineering environments : concepts and technology
_cRobert N. Charette
260 _cc.1987
650 _910010
_aSoftware engineering
_xMIS
942 _2ddc
_cBK
999 _c67002
_d67002